000
00317nam a22001337a 4500
008
170405b xxu||||| |||| 00| 0 eng d
020
_a
0702010537
041
_a
eng
080
_a
616.34
100
_a
9
101
_a
SHM
245
_a
PRECANCEROUS LESIONS OF THE GASTROINTESTINAL TRACT
_c
TINDALL, B
942
_2
udc
_c
BK
999
_c
9857
_d
9857